00856nam a22001817a 450000500170000000800410001702000180005805000180007610000030009424500500009725000130014726000360016030000350019650000200023150503810025170000200063270000220065220230620145847.0230620b ||||| |||| 00| 0 eng d a9780702033759 aRB111.G68(7e)  aPathology illustrated / cRobin, Reid et al.- a7th ed.  aNew York:bElsevier Ltd,c2011. axii, 6760 p.:bill .;c25 cm.  aIncludes index  aContents: Cell and tissue damage -- Inflammation -- Healing -- Infection -- Immunity -- Neoplasia -- Cardiovascular diseases -- Respiratory system -- Gastrointestinal tract -- Liver, gall bladder and pancreas -- Haemopoietic and lympho-recticular tissues -- Genitourinary system -- Female genital mutilation -- Nervous system -- Musculo-skeletal system -- Endocrine system.  aRoberts, Fiona  aMacDuffi, Elaine